000 01048nac a22002777a 4500
001 BR7601689
003 BR-BrBNA
005 20240105113929.0
008 230509b bl.|||m| |||| 00| 0 por d
040 _aBR-BrBNA
_bpor
_cBiblioteca Nacional de Agricultura
072 _aE30
090 _aE30 BR7601689
110 1 _aAssociacao de Credito e Assistencia Rural do Estado do Para, Belem (Brasil)
_9493
245 1 _aPlano anual de trabalho 1976 [Projeto agricola; Projeto pecuario; Baixa renda; Projeto de desenvolvimento; Associacao de Credito e Assistencia Rural do Estado do Para; Brasil]
260 3 _aBelem, PA (Brasil):
_c1976.
300 _a107 p.
490 _aPlano Anual de Trabalho - Associacao de Credito e Assistencia Rural do Estado do Para (Brazil)
_v
_x
650 _aDesenvolvimento agricola
650 _aProjeto de desenvolvimento
650 _aProjeto agricola
650 _aProjeto pecuario
650 _aBaixa renda
650 _aPara
909 _a202312
_bLúcia Elande
_c55
_dLúcia Elande
942 _2AGRIS
_n0
_cMS
999 _c266414
_d266414